| 000 | 00422cam a22001457a 4500 | ||
|---|---|---|---|
| 008 | 180718b1996 xxu||||| |||| 00| 0 eng d | ||
| 082 | _aZ F955r | ||
| 100 | _aFukuoka, Masanobu | ||
| 245 |
_aRoad back to nature: regaing the paradise lost _cby Masanobu Fukuoka |
||
| 260 |
_aMadras _bBookventure _c1996 |
||
| 300 | _a377p. | ||
| 650 | _aNatural foods | ||
| 650 | _aAgricultural processing | ||
| 650 | _aAgricultural systems | ||
| 999 |
_c381528 _d381528 |
||